African Two Word Countries - Statistics

General Stats
  • This quiz has been taken 190 times
  • The average score is 7 of 8
Answer Stats
Answer % Correct
South Africa
96%
South Sudan
93%
Burkina Faso
85%
Guinea-Bissau
85%
Cape Verde
82%
Equatorial Guinea
80%
Sierra Leone
77%
Cote D'ivoire
76%
No matching quizzes found
Score Distribution
Percent of People with Each Score
Percentile by Number Answered
Your Score History
You have not taken this quiz